Leadership Managing in Real Organizations

Gespeichert in:
Bibliographische Detailangaben
1. Verfasser: Sayles, Leonard R.
Format: Buch
Sprache:Englisch
Veröffentlicht: New York MacGraw-Hill Book Co. 1989
Ausgabe:2. ed.
Tags: Tag hinzufügen
Keine Tags, Fügen Sie das erste Tag hinzu!

MARC

LEADER 00000nam a2200000 4500
001 c025137
005 20221215114050.5
041 0 |a eng 
044 |a US 
245 1 0 |a Leadership  |b Managing in Real Organizations  |c Leonard R. Sayles 
250 |a 2. ed. 
264 1 |a New York  |b MacGraw-Hill Book Co.  |c 1989 
300 |a 310 s. 
100 1 |a Sayles, Leonard R.